Overlapping Book Titles Quiz Stats

 Plays Quiz Updated Sep 17, 2019

Score 0/30 Timer 06:00
1 Play Today
Book 1 Overlapping Word % Correct
Romeo and...Juliet
97.8%
The Story of My...Life
97.8%
The Hunger...Games
97.7%
Brave New...World
97.4%
A Clockwork...Orange
97.2%
Lion's...Pride
97.1%
Charlotte's...Web
96.8%
Journey to the Center of the...Earth
96.7%
The Art of...War
95.6%
The Iron...King
95.3%
To Kill a...Mockingbird
94.2%
A Wrinkle in...Time
93.9%
The Picture of Dorian...Gray
92.3%
The Color...Purple
91.6%
The Social...Animal
91.5%
Book 1 Overlapping Word % Correct
Watership...Down
90.6%
Lord of the...Flies
90.6%
The Fault in our...Stars
90%
Never Let Me...Go
86.9%
The Woman in...White
86.8%
The Stepford...Wives
85.7%
The Second...Sex
85.2%
In Cold...Blood
83%
Brighton Beach...Memoirs
79.3%
The Invisible...Bridge
78.4%
The Giving...Tree
78%
Avalon...High
76.9%
The Hero With a Thousand...Faces
50.3%
Strong Looks Better...Naked
46.3%
The Two...Towers
37.2%

You're not logged in!

Compare scores with friends on all Sporcle quizzes.
OR
Log In

Sporcle TV

Today on Sporcle TV


Watch our educational content, quiz creation guides, and fun videos on Sporcle TV.

Show Comments

Extras

Top Quizzes Today


Score Distribution

Your Account Isn't Verified!

In order to create a playlist on Sporcle, you need to verify the email address you used during registration. Go to your Sporcle Settings to finish the process.

Report this User

Report this user for behavior that violates our Community Guidelines.

Details: